000 00318nam a2200133Ia 4500
008 230917s9999||||xx |||||||||||||| ||und||
040 _e94750
_aMAIN
041 _aEnglish
082 _a616.5 R922G
100 _aRustagi, Archana
245 0 _aGamma-lutamul transpeptidase in leprosy
300 _a65 p.
942 _cTH
999 _c72025
_d72025